logo

Bir Sreshtho Munshi Abdur Rouf Library
Jhenaidah Cadet College

Technical mathematics and calculus / (Record no. 8982)

MARC details
000 -LEADER
fixed length control field 00770pam a2200277 a 4500
001 - CONTROL NUMBER
JCCL Control Number 8982
003 - CONTROL NUMBER IDENTIFIER
JCCL marc code BD-JhCC
005 - DATE AND TIME OF LATEST TRANSACTION
control field 20180306123850.0
008 - FIXED-LENGTH DATA ELEMENTS--GENERAL INFORMATION
fixed length control field 821004s1983 maua 001 0 eng
020 ## - INTERNATIONAL STANDARD BOOK NUMBER
International Standard Book Number 087150376X
035 ## - SYSTEM CONTROL NUMBER
system control number (BD-JhCC)8982
040 ## - CATALOGING SOURCE
Original cataloging agency DLC
Transcribing agency DLC
Modifying agency DLC
-- BD-JhCC
041 ## - LANGUAGE CODE
Language code of Book eng
050 00 - LIBRARY OF CONGRESS CALL NUMBER
Classification number TA330
Item number .R533 1983
082 00 - DEWEY DECIMAL CLASSIFICATION NUMBER
Classification number 515/.0246
DDC Edition number 19
Author mark and Year RIC 1983
100 1# - MAIN ENTRY--PERSONAL NAME
Personal name Rice, Bernard J.
245 10 - TITLE STATEMENT
Title Technical mathematics and calculus /
Statement of responsibility, etc Bernard J. Rice, Jerry D. Strange.
260 ## - PUBLICATION, DISTRIBUTION, ETC. (IMPRINT)
Place of publication, distribution, etc Boston :
Name of publisher, distributor, etc Prindle, Weber & Schmidt,
Date of publication, distribution, etc c1983.
300 ## - PHYSICAL DESCRIPTION
Pagination xiii, 986 p. :
Other physical details ill. ;
Dimensions 24 cm.
500 ## - GENERAL NOTE
General note Includes index.
650 #0 - SUBJECT ADDED ENTRY--TOPICAL TERM
Topical term or geographic name as entry element Engineering mathematics.
650 #0 - SUBJECT ADDED ENTRY--TOPICAL TERM
Topical term or geographic name as entry element Calculus.
700 1# - ADDED ENTRY--PERSONAL NAME
Personal name Strange, Jerry D.
942 ## - ADDED ENTRY ELEMENTS (KOHA)
Source of classification or shelving scheme Dewey Decimal Classification
Koha item type Books
Holdings
Source of classification or shelving scheme Damaged status Not for loan Home library Current library Shelving location Total Checkouts Full call number Barcode Date last seen Copy number Koha item type
Dewey Decimal Classification     JCC Rouf Library JCC Rouf Library General Stacks   515/.0246 RIC 1983 11150 03/06/2018 C - 1 Books

JCC Library | Contacts | JCC Home

Last Update on 23 September 2017
Copyright @ 2017-2020 JCC Rouf Library
Rouf Library, Jhenidah Cadet College (JCC), Bangladesh